000 00323 a2200145 4500
001 65691
020 _a9788531110177
040 _cAnchieta - Pituba
240 1 0 _aBíblia Sagrada e concordância
_lpor
245 1 0 _aBíblia Sagrada e concordância
300 _a1536
362 0 _a2008
650 4 _aBíblia
942 _cBK
999 _c65691
_d65691